[Event "East Detroit (MCO/5/8)"]
[Site "?"]
[Date "1984.??.??"]
[Round "?"]
[White "Petrison, J.."]
[Black "Mason, D.."]
[Result "1-0"]
[WhiteElo "2230"]
[BlackElo "1955"]
[PlyCount "74"]
[EventDate "1984.??.??"]

{5/(8)} 1. Nf3 Nf6 2. b3 b6 3. Bb2 e6 4. e3 Bb7 5. Be2 Be7 6. O-O O-O 7. c4 c5
8. Nc3 d6 9. Qc2 Nc6 10. Rad1 Rc8 11. d3 Qc7 12. Rd2 Rfd8 13. Ne4 Nxe4 14. dxe4
Ne5 15. Ne1 Bf6 16. f3 Nd7 17. Nd3 Bg5 18. f4 Bf6 19. Bf3 e5 20. Rfd1 Nf8 21.
Nf2 Ng6 22. g3 Be7 23. Bg4 Rb8 24. h4 Bc6 25. Bh3 f6 26. h5 Nf8 27. Bg2 Qb7 28.
Ng4 a6 29. Nf2 b5 30. cxb5 axb5 31. Bf3 b4 32. Be2 Ra8 33. Bc4+ Kh8 34. Bc1 Ra7
35. Qd3 Rda8 36. a4 bxa3 37. Ra2 Nd7 1-0

[Event "Plymouth (MI Op/5/30)"]
[Site "?"]
[Date "1984.??.??"]
[Round "?"]
[White "Perczak, M.."]
[Black "Kebrdle, M.."]
[Result "0-1"]
[WhiteElo "1605"]
[BlackElo "1975"]
[PlyCount "78"]
[EventDate "1984.??.??"]

{5/(30)} 1. e4 c6 2. d4 d5 3. Nd2 dxe4 4. Nxe4 Nf6 5. Nxf6+ gxf6 6. Nf3 Bg4 7.
c3 Qc7 8. Be2 e6 9. Qd3 Nd7 10. Qe4 Bf5 11. Qh4 O-O-O 12. Bf4 Bd6 13. Bxd6 Qxd6
14. Rd1 Rhg8 15. O-O Rg4 16. Qh6 Rg6 17. Qh4 Rdg8 18. g3 Rg4 19. Qh6 Be4 20.
Qe3 Bf5 21. Kh1 Re4 22. Qd2 Bh3 23. Rfe1 Bg4 24. Qd3 f5 25. Nd2 Rxe2 26. Rxe2
Bxe2 27. Qxe2 Qd5+ 28. Nf3 Qxa2 29. Rd2 Rg4 30. Kg1 h5 31. Nh4 Qb1+ 32. Kg2
Qe4+ 33. f3 Qxe2+ 34. Rxe2 Rg8 35. Kf2 Nb6 36. b3 Rd8 37. Re5 Nd5 38. c4 Nb4
39. Ke3 Nc2+ 0-1

[Event "Plymouth (MI Op/3/72)"]
[Site "?"]
[Date "1984.??.??"]
[Round "?"]
[White "Perczak, M.."]
[Black "Golonka, Stan"]
[Result "1-0"]
[WhiteElo "1605"]
[BlackElo "1605"]
[PlyCount "75"]
[EventDate "1984.??.??"]

{3/(72)} 1. e4 e6 2. d4 d5 3. Nd2 c5 4. c3 Nc6 5. Ngf3 b6 6. Bb5 Bb7 7. Ne5 Qc7
8. exd5 exd5 9. Qe2 Nge7 10. Nb3 c4 11. Nd2 a6 12. Bxc6+ Bxc6 13. b3 b5 14. Ba3
Bb7 15. O-O Bc8 16. Rfe1 Be6 17. Qf3 Ng6 18. Nxf7 Qxf7 19. Qxd5 Bxa3 20. Rxe6+
Ne7 21. Qxa8+ Kd7 22. Rxe7+ Qxe7 23. Qxh8 Bb2 24. Rd1 Bxc3 25. Kf1 Bxd2 26.
Rxd2 cxb3 27. axb3 Qg5 28. Rd1 b4 29. Qxh7 Kc6 30. Qe4+ Kb6 31. d5 Qh5 32. Qd4+
Kc7 33. Rc1+ Kd6 34. Rc6+ Kd7 35. Qxg7+ Kd8 36. Qc7+ Ke8 37. Qc8+ Ke7 38. Qb7+
1-0

[Event "Plymouth (MI Op/1b/35)"]
[Site "?"]
[Date "1984.??.??"]
[Round "?"]
[White "Perczak, M.."]
[Black "Fawaz, Mahmoud"]
[Result "1/2-1/2"]
[WhiteElo "1605"]
[BlackElo "1605"]
[PlyCount "116"]
[EventDate "1984.??.??"]

1. e4 e5 2. Nf3 Nc6 3. Bb5 Nge7 4. d3 a6 5. Ba4 g6 6. Bg5 d6 7. Nbd2 Bd7 8. c3
Bg7 9. Bc2 O-O 10. O-O Be6 11. Bb3 d5 12. exd5 Bxd5 13. Bxd5 Qxd5 14. Nc4 f6
15. Bh4 e4 16. Ne3 Qxd3 17. Qxd3 exd3 18. Rad1 Rad8 19. Nc4 b5 20. Ne3 Rd7 21.
Rfe1 Ne5 22. Nxe5 fxe5 23. Bxe7 Rxe7 24. Rxd3 Ref7 25. Re2 Rf4 26. Nd5 R4f7 27.
Nb4 e4 28. Rde3 a5 29. Nc6 Rd7 30. Rxe4 Rd1+ 31. Re1 Rd2 32. R4e2 Rxe2 33. Rxe2
Ra8 34. Re7 b4 35. Rxc7 bxc3 36. bxc3 Re8 37. Kf1 Kf8 38. c4 Bc3 39. f3 h5 40.
Rd7 Re1+ 41. Kf2 Ra1 42. Rd8+ Kg7 43. Re8 Rxa2+ 44. Re2 Ra4 45. Re4 Ra2+ 46.
Re2 Rxe2+ 47. Kxe2 a4 48. Kd3 Bf6 49. Nb4 Kf7 50. c5 Ke7 51. Nd5+ Ke6 52. Nxf6
Kxf6 53. c6 Ke7 54. Kc3 Kd6 55. g4 hxg4 56. fxg4 Kxc6 57. Kb4 Kd5 58. h4 Ke5
1/2-1/2

[Event "Plymouth (MI Op/5/46)"]
[Site "?"]
[Date "1984.??.??"]
[Round "?"]
[White "Pearson, D.."]
[Black "Yuhas, L.."]
[Result "1/2-1/2"]
[WhiteElo "1605"]
[BlackElo "1785"]
[PlyCount "87"]
[EventDate "1984.??.??"]

{5/(46)} 1. f4 Nf6 2. Nf3 g6 3. e3 Bg7 4. b3 Ne4 5. c3 d5 6. d4 O-O 7. Bd3 Bg4
8. h3 Ng3 9. Rg1 Bd7 10. Ne5 Nc6 11. Qf3 Ne4 12. Bxe4 dxe4 13. Qxe4 Nxe5 14.
fxe5 Bc6 15. Qf4 e6 16. Ba3 Re8 17. Nd2 a5 18. Ne4 Bxe4 19. Qxe4 b5 20. g4 Qh4+
21. Kd2 Bf8 22. Bxf8 Rxf8 23. Qf3 f6 24. exf6 b4 25. Raf1 bxc3+ 26. Kxc3 Qg5
27. f7+ Kg7 28. Qf2 c5 29. Qf4 Qxf4 30. Rxf4 cxd4+ 31. exd4 Rfc8+ 32. Kd3 Kf8
33. Re1 Rc6 34. Rf6 Rac8 35. Rexe6 Rc3+ 36. Ke4 a4 37. Re8+ Rxe8+ 38. fxe8=Q+
Kxe8 39. Rf3 Rc2 40. bxa4 Rxa2 41. Ke5 Rxa4 42. h4 Ke7 43. Rd3 Ra1 44. d5
1/2-1/2

[Event "Plymouth (MI Op/6/50)"]
[Site "?"]
[Date "1984.??.??"]
[Round "?"]
[White "Pearson, D.."]
[Black "Teismann, J.."]
[Result "0-1"]
[WhiteElo "1605"]
[BlackElo "1725"]
[PlyCount "44"]
[EventDate "1984.??.??"]

{6/(50)} 1. Nf3 d5 2. e3 c5 3. b3 Nc6 4. Bb2 Qc7 5. Bb5 Bg4 6. d3 a6 7. Bxc6+
bxc6 8. Nbd2 e6 9. h3 Bh5 10. g4 Bg6 11. Ne5 f6 12. Nxg6 hxg6 13. f4 g5 14. Nf3
gxf4 15. Qe2 Qa5+ 16. c3 fxe3 17. Qxe3 Kf7 18. g5 Ne7 19. Rf1 Nf5 20. g6+ Ke7
21. Qf4 Kd7 22. O-O-O Bd6 0-1

[Event "Plymouth (MI Op/2/49)"]
[Site "?"]
[Date "1984.??.??"]
[Round "?"]
[White "Pearson, D.."]
[Black "Mikus, Jim"]
[Result "0-1"]
[WhiteElo "1605"]
[BlackElo "1800"]
[PlyCount "64"]
[EventDate "1984.??.??"]

{2/(49)} 1. Nf3 d5 2. e3 c5 3. b3 Nf6 4. Bb2 e6 5. Ne5 a6 6. f4 Nc6 7. d3 Bd6
8. Nxc6 bxc6 9. Be2 O-O 10. O-O Qe7 11. Nd2 e5 12. Rf2 exf4 13. exf4 Re8 14.
Qf1 Ng4 15. Bxg4 Bxg4 16. Nf3 Bxf4 17. Re1 Qc7 18. h3 Be6 19. Be5 Bxe5 20. Nxe5
f6 21. Nf3 a5 22. Rfe2 Bf7 23. Qf2 d4 24. Nh4 Qd7 25. Nf5 Rxe2 26. Rxe2 Re8 27.
Rxe8+ Bxe8 28. Qf4 g6 29. Nd6 Kg7 30. Nxe8+ Qxe8 31. Qd6 Qe1+ 32. Kh2 Qe5+ 0-1

[Event "Plymouth (MI Op/5/67)"]
[Site "?"]
[Date "1984.??.??"]
[Round "?"]
[White "Patterson, M.."]
[Black "Wynn, M.."]
[Result "0-1"]
[WhiteElo "1605"]
[BlackElo "1635"]
[PlyCount "54"]
[EventDate "1984.??.??"]

{5/(67)} 1. Nf3 d5 2. g3 c5 3. Bg2 Nc6 4. O-O e5 5. d3 f5 6. c4 Be6 7. cxd5
Bxd5 8. b3 Nd4 9. Nxe5 Bxg2 10. Kxg2 Qd5+ 11. Nf3 Nf6 12. Nbd2 f4 13. Bb2 fxg3
14. hxg3 O-O-O 15. Rc1 Kb8 16. Kg1 Ng4 17. Nxd4 cxd4 18. Nf3 Bc5 19. Qd2 b6 20.
Qf4+ Ka8 21. Qxg4 Rde8 22. Rfe1 h5 23. Qh4 Rhg8 24. Rc4 g5 25. Qxh5 Rh8 26.
Qxg5 Qb7 27. Nxd4 Qh1# 0-1

[Event "Plymouth (MI Op/4/51)"]
[Site "?"]
[Date "1984.??.??"]
[Round "?"]
[White "Patterson, M.."]
[Black "Petty, M.."]
[Result "0-1"]
[WhiteElo "1605"]
[BlackElo "1790"]
[PlyCount "36"]
[EventDate "1984.??.??"]

{4/(51)} 1. Nf3 d5 2. g3 Nc6 3. Bg2 e5 4. d3 Nf6 5. Nbd2 Bc5 6. O-O e4 7. dxe4
dxe4 8. Ng5 e3 9. Nc4 exf2+ 10. Kh1 Qe7 11. Bf4 Bg4 12. Bf3 Rd8 13. Qc1 Bxf3+
14. exf3 h6 15. Nh3 Qe2 16. Nd2 Rxd2 17. Nxf2 Qxf3+ 18. Kg1 Bxf2+ 0-1

[Event "Plymouth (MI Op/2/60)"]
[Site "?"]
[Date "1984.??.??"]
[Round "?"]
[White "Patterson, M.."]
[Black "Long, Randy"]
[Result "0-1"]
[WhiteElo "1605"]
[BlackElo "1815"]
[PlyCount "94"]
[EventDate "1984.??.??"]

{2/(60)} 1. Nf3 d6 2. g3 e5 3. d3 c6 4. Bg2 f5 5. e4 Nf6 6. Bg5 Be7 7. Nbd2 Na6
8. a3 Be6 9. Qe2 fxe4 10. dxe4 Qd7 11. O-O O-O-O 12. Be3 Kb8 13. Ng5 Rhf8 14.
Nxe6 Qxe6 15. Nf3 Ng4 16. Ng5 Bxg5 17. Bh3 Bxe3 18. Bxg4 Bxf2+ 19. Rxf2 Rxf2
20. Kxf2 Rf8+ 21. Kg2 Qf6 22. Rf1 Qxf1+ 23. Qxf1 Rxf1 24. Kxf1 Nc5 25. Bf3 Kc7
26. Ke2 a5 27. Ke3 b5 28. b4 axb4 29. axb4 Na6 30. c3 c5 31. bxc5 dxc5 32. Be2
Kb6 33. Bd3 b4 34. cxb4 cxb4 35. Bc4 Nc5 36. Bd5 Ka5 37. Kd2 Ka4 38. Kc2 Ka3
39. Kb1 b3 40. Bc6 Na4 41. Bxa4 Kxa4 42. Kb2 Kb4 43. Kb1 Kc3 44. Kc1 b2+ 45.
Kb1 h5 46. h3 g5 47. g4 h4 0-1

[Event "Plymouth (MI Op/7/70)"]
[Site "?"]
[Date "1984.??.??"]
[Round "?"]
[White "Patterson, M.."]
[Black "Fletcher, G.."]
[Result "1/2-1/2"]
[WhiteElo "1605"]
[BlackElo "1605"]
[PlyCount "92"]
[EventDate "1984.??.??"]

{7/(70)} 1. Nf3 d5 2. g3 Nc6 3. Bg2 e5 4. d3 Nf6 5. Nbd2 e4 6. dxe4 dxe4 7. Ng5
Bf5 8. e3 Ne5 9. O-O Qd5 10. Ngxe4 Bxe4 11. Nxe4 Qxd1 12. Rxd1 Nxe4 13. Bxe4 c6
14. b3 g6 15. Bb2 Bg7 16. Rd2 Nf3+ 17. Bxf3 Bxb2 18. Rad1 O-O 19. Rd7 Rab8 20.
e4 Bf6 21. Bg2 Rbd8 22. f4 Rxd7 23. Rxd7 Rd8 24. Rxd8+ Bxd8 25. Kf1 Kg7 26. Ke2
Kh6 27. Bf3 g5 28. f5 Bc7 29. Kd3 Be5 30. g4 Bxh2 31. Kd4 f6 32. Be2 Kg7 33.
Bc4 Bg1+ 34. Kd3 h5 35. gxh5 g4 36. Be6 g3 37. Ke2 Kh6 38. Kf3 Bf2 39. b4 Kxh5
40. Bc8 b6 41. Bd7 c5 42. bxc5 bxc5 43. Bb5 Kh4 44. Bf1 Bd4 45. Ke2 Kg4 46. Bg2
Kf4 1/2-1/2

[Event "Plymouth (MI Op/2/16)"]
[Site "?"]
[Date "1984.??.??"]
[Round "?"]
[White "Palmer, Tony"]
[Black "Smith, Les L"]
[Result "1/2-1/2"]
[WhiteElo "2085"]
[BlackElo "1945"]
[PlyCount "84"]
[EventDate "1984.??.??"]

{2/(16)} 1. e4 c5 2. Nc3 Nc6 3. Nge2 g6 4. d4 cxd4 5. Nxd4 Bg7 6. Nde2 Nf6 7.
g3 O-O 8. Bg2 d6 9. O-O Bd7 10. h3 Rc8 11. Kh2 Qa5 12. Nf4 Rfe8 13. a4 Nd4 14.
Be3 Ne6 15. Nxe6 Bxe6 16. Nd5 Nxd5 17. exd5 Bd7 18. c3 a6 19. Qb3 b5 20. axb5
Qxb5 21. Qa3 Rb8 22. Bc1 Rec8 23. Re1 Bf6 24. Qxa6 Qb3 25. Ra3 Qc2 26. Qa7 Bf5
27. Qe3 Qd3 28. Qxd3 Bxd3 29. Ra7 Bc4 30. g4 g5 31. Kg3 Kf8 32. f4 h6 33. fxg5
hxg5 34. Kf2 Bb3 35. Be3 Bc4 36. Bd4 Rxb2+ 37. Kg1 Bxd4+ 38. cxd4 Re8 39. Rc1
Rb4 40. Rca1 Bd3 41. Rd1 Rb1 42. Rxb1 Bxb1 1/2-1/2

[Event "Plymouth (MI Op/6/12)"]
[Site "?"]
[Date "1984.??.??"]
[Round "?"]
[White "Palmer, Tony"]
[Black "Maring, L.."]
[Result "1-0"]
[WhiteElo "2085"]
[BlackElo "1945"]
[PlyCount "57"]
[EventDate "1984.??.??"]

{6/(12)} 1. e4 e5 2. Nf3 Nc6 3. Bb5 d6 4. c3 Bd7 5. d3 Nf6 6. Nbd2 Be7 7. Nf1
O-O 8. Ng3 a6 9. Ba4 b5 10. Bc2 h6 11. h3 Re8 12. O-O Bf8 13. d4 exd4 14. cxd4
Nb4 15. Bb1 c5 16. e5 dxe5 17. dxe5 Nh7 18. a3 Nc6 19. Qd5 Rc8 20. Bxh7+ Kxh7
21. Bf4 Be6 22. Qe4+ Kg8 23. Rfd1 Qe7 24. Nh5 Nb8 25. Bxh6 f5 26. exf6 gxf6 27.
Qg6+ Kh8 28. Nxf6 Bf7 29. Qh7# 1-0

[Event "Plymouth (MI Op/4/21)"]
[Site "?"]
[Date "1984.??.??"]
[Round "?"]
[White "Palmer, Tony"]
[Black "Jackson, J.."]
[Result "1-0"]
[WhiteElo "2085"]
[BlackElo "1755"]
[PlyCount "47"]
[EventDate "1984.??.??"]

{4/(21)} 1. e4 c5 2. Nc3 Nc6 3. Nge2 d6 4. d4 cxd4 5. Nxd4 Nf6 6. h3 g6 7. g3
Bg7 8. Nde2 Qb6 9. Bg2 O-O 10. O-O Ne5 11. Bg5 Bxh3 12. Bxf6 Bxg2 13. Nd5 Qxb2
14. Nxe7+ Kh8 15. Bxg7+ Kxg7 16. Kxg2 Qa3 17. Nf4 Rfe8 18. Nfd5 Qc5 19. Qd2 Qc4
20. Qf4 Nd7 21. Rh1 h5 22. Rxh5 Rh8 23. Nf5+ gxf5 24. Qg5+ 1-0

[Event "Plymouth (MI Op/6/54)"]
[Site "?"]
[Date "1984.??.??"]
[Round "?"]
[White "Owens, James"]
[Black "Renscok, R.."]
[Result "1-0"]
[WhiteElo "1825"]
[BlackElo "1605"]
[PlyCount "87"]
[EventDate "1984.??.??"]

{6/(54)} 1. d4 e6 2. c4 f5 3. Nc3 d5 4. Nf3 Nf6 5. Bg5 Nbd7 6. cxd5 exd5 7.
Nxd5 c6 8. Nc3 Be7 9. e3 Nb6 10. Bd3 O-O 11. O-O Ne4 12. Bxe7 Qxe7 13. Bxe4
fxe4 14. Nd2 Bf5 15. Qe2 Rf6 16. f3 exf3 17. Nxf3 Bg4 18. e4 Raf8 19. Qd3 Be6
20. b3 Rd8 21. Ne5 Bf7 22. Nxf7 Qxf7 23. e5 Rxf1+ 24. Rxf1 Qe6 25. Qe4 Nd5 26.
Ne2 Rd7 27. Ng3 Ne7 28. Qf4 Ng6 29. Qf5 Qd5 30. e6 Qxd4+ 31. Kh1 Re7 32. Qf3
Qe5 33. Ne4 Qxe6 34. Ng5 Qf6 35. Qd3 Qe5 36. Qh3 h6 37. Qc8+ Re8 38. Qxb7 Qe1
39. Qf7+ Kh8 40. Nh3 Kh7 41. Rxe1 Rxe1+ 42. Ng1 Re7 43. Qf2 a5 44. h3 1-0

[Event "Plymouth (MI Op/2/46)"]
[Site "?"]
[Date "1984.??.??"]
[Round "?"]
[White "Owens, James"]
[Black "Johnson, J.."]
[Result "0-1"]
[WhiteElo "1825"]
[BlackElo "1605"]
[PlyCount "94"]
[EventDate "1984.??.??"]

{2/(46)} 1. e4 e6 2. d4 d5 3. Nc3 Bb4 4. e5 c5 5. Nf3 Nc6 6. a3 Bxc3+ 7. bxc3
Qa5 8. Bd2 c4 9. Be2 Bd7 10. Ng5 Nh6 11. Bh5 g6 12. Be2 Nf5 13. h4 h6 14. Nf3
O-O-O 15. O-O Rdg8 16. g3 Rh7 17. Nh2 h5 18. Nf3 Rf8 19. Ng5 Rhh8 20. Bf3 f6
21. exf6 Rxf6 22. Re1 Nd8 23. Bf4 Nf7 24. Qd2 Nxg5 25. Bxg5 Rf7 26. Bf4 Rhf8
27. Bg2 Nxh4 28. Bd6 Rxf2 29. Qxf2 Rxf2 30. Kxf2 Nf5 31. Bb4 Qd8 32. a4 Qg5 33.
a5 Qxg3+ 34. Kg1 h4 35. Bc5 h3 36. Re2 Nh4 37. Rf1 hxg2 38. Rf8+ Kc7 39. Ref2
g5 40. Bxa7 Kc6 41. Bb8 Qxc3 42. Be5 Qe1+ 43. Rf1 gxf1=Q+ 44. Rxf1 Qe3+ 45. Rf2
Nf3+ 46. Kf1 Nxe5 47. dxe5 Qxe5 0-1

[Event "Plymouth (MI Op/4/57)"]
[Site "?"]
[Date "1984.??.??"]
[Round "?"]
[White "Owens, James"]
[Black "Gale, J.."]
[Result "1-0"]
[WhiteElo "1825"]
[BlackElo "1605"]
[PlyCount "93"]
[EventDate "1984.??.??"]

{4/(57)} 1. d4 d5 2. c4 Nf6 3. cxd5 Nxd5 4. Nf3 Bg4 5. Qb3 Nb6 6. Nbd2 Nc6 7.
e3 e6 8. Bb5 Bxf3 9. Nxf3 a6 10. Bxc6+ bxc6 11. Qc2 Bb4+ 12. Bd2 Bxd2+ 13. Nxd2
Qd7 14. O-O O-O 15. Rac1 c5 16. Qxc5 Na4 17. Qxc7 Qxc7 18. Rxc7 Nxb2 19. Rb1
Rab8 20. Rc6 a5 21. Ra6 a4 22. a3 h6 23. g3 Rfc8 24. Ne4 Nc4 25. Rxb8 Rxb8 26.
Rxa4 Rb1+ 27. Kg2 Rc1 28. Kf3 e5 29. Nc5 exd4 30. exd4 Rc3+ 31. Ke4 Nxa3 32. d5
Nb5 33. Nd3 f5+ 34. Ke3 Nd6 35. Rd4 g5 36. Rb4 Kf7 37. Kd4 Rc2 38. h3 Ne4 39.
Rb7+ Ke8 40. Rb8+ Ke7 41. Rb7+ Kd8 42. Rf7 Nxf2 43. Ne5 Nxh3 44. d6 Rd2+ 45.
Kc5 Rc2+ 46. Kd5 f4 47. Rf8# 1-0

[Event "Plymouth (MI Op/6/1)"]
[Site "?"]
[Date "1984.??.??"]
[Round "?"]
[White "O'Donnell, Robert"]
[Black "Noren, Kevin"]
[Result "1-0"]
[WhiteElo "2310"]
[BlackElo "2210"]
[PlyCount "79"]
[EventDate "1984.??.??"]

{6/(1)} 1. c4 c5 2. Nf3 Nf6 3. Nc3 e6 4. g3 Nc6 5. Bg2 d5 6. cxd5 Nxd5 7. O-O
Be7 8. d4 O-O 9. Nxd5 exd5 10. dxc5 Bxc5 11. Ng5 h6 12. Qc2 Bxf2+ 13. Rxf2 hxg5
14. b3 Be6 15. Ba3 Re8 16. Rd1 Rc8 17. Bb2 Qa5 18. Bc3 Qc5 19. Qd2 Red8 20. e3
Qd6 21. Qb2 Qf8 22. b4 b5 23. Rfd2 d4 24. Bxd4 Qxb4 25. Bxg7 Rxd2 26. Rxd2 Qxb2
27. Bxb2 Na5 28. Bf6 Nc4 29. Rd3 g4 30. Bb7 Rb8 31. Bc6 b4 32. Ba4 Bf5 33. Rd5
Nxe3 34. Re5 Rb6 35. Bg5 f6 36. Bb3+ Kg7 37. Re7+ Kg6 38. Bxe3 Rd6 39. Bxa7 Be4
40. Bf7+ 1-0

[Event "East Lansing (MEX/2)"]
[Site "?"]
[Date "1984.??.??"]
[Round "?"]
[White "O'Donnell, Robert"]
[Black "Lindsay, F.."]
[Result "0-1"]
[WhiteElo "2180"]
[BlackElo "2305"]
[PlyCount "76"]
[EventDate "1984.??.??"]

1. d4 d5 2. c4 dxc4 3. Nf3 Nf6 4. Nc3 a6 5. e4 b5 6. e5 Nd5 7. a4 c6 8. Ng5
Nxc3 9. bxc3 f6 10. axb5 fxg5 11. Bxc4 e6 12. Qf3 Ra7 13. bxa6 Be7 14. O-O Qd7
15. Be3 Bxa6 16. d5 Bxc4 17. Rxa7 Qxd5 18. Bxg5 Qxf3 19. Rxe7+ Kd8 20. Rb1 Bb5
21. gxf3 h6 22. Rxg7+ hxg5 23. c4 Rh4 24. cxb5 c5 25. b6 Rb4 26. Rd1+ Kc8 27.
b7+ Rxb7 28. Rxb7 Kxb7 29. Rb1+ Kc7 30. Rxb8 Kxb8 31. f4 g4 32. Kf1 Kc7 33. Ke2
Kc6 34. Kd3 Kd5 35. f3 gxf3 36. h4 c4+ 37. Ke3 c3 38. h5 c2 0-1

[Event "Plymouth (MI Op/4/4)"]
[Site "?"]
[Date "1984.??.??"]
[Round "?"]
[White "O'Donnell, Robert"]
[Black "Lehotzky, Attila"]
[Result "1-0"]
[WhiteElo "2310"]
[BlackElo "2020"]
[PlyCount "61"]
[EventDate "1984.??.??"]

{4/(4)} 1. c4 Nf6 2. Nc3 g6 3. d4 Bg7 4. Nf3 d6 5. g3 Nbd7 6. Bg2 O-O 7. O-O c5
8. d5 Nb6 9. Nd2 Ng4 10. e4 Ne5 11. Qe2 Bg4 12. f3 Bd7 13. h3 g5 14. f4 gxf4
15. gxf4 Ng6 16. Nf3 e6 17. Bd2 Bh6 18. Ng5 e5 19. Qh5 Bxg5 20. fxg5 Nxc4 21.
Bc1 Nf4 22. Bxf4 exf4 23. Rxf4 f5 24. exf5 Bxf5 25. Rxc4 Bg6 26. Qh4 b5 27. Rf4
Qd7 28. Ne4 Bxe4 29. Rxe4 Qg7 30. Rae1 Qxb2 31. Re7 1-0

[Event "Plymouth (MI Op/5/3)"]
[Site "?"]
[Date "1984.??.??"]
[Round "?"]
[White "O'Donnell, Robert"]
[Black "Groeller, W.."]
[Result "1-0"]
[WhiteElo "2310"]
[BlackElo "2075"]
[PlyCount "62"]
[EventDate "1984.??.??"]

{5/(3)} 1. e4 c5 2. Nf3 Nc6 3. d4 cxd4 4. Nxd4 Nf6 5. Nc3 d6 6. Bc4 Qb6 7. Nde2
e6 8. O-O Be7 9. Bb3 a6 10. Ng3 h5 11. Bg5 h4 12. Bxf6 hxg3 13. Bxe7 gxh2+ 14.
Kh1 Kxe7 15. Qg4 Qa5 16. f4 Qh5 17. Qxg7 Bd7 18. Qg3 Rag8 19. Qf2 Rg4 20. f5
Ne5 21. fxe6 Bxe6 22. Qf6+ Kd7 23. Rad1 Rhg8 24. Nd5 Bxd5 25. Rxd5 R4g6 26.
Rxd6+ Kc8 27. Qe7 Rxg2 28. Rd8+ Rxd8 29. Qc5+ Kb8 30. Kxg2 Rg8+ 31. Kh1 Rg1+
1-0

[Event "East Lansing (MEX/1)"]
[Site "?"]
[Date "1984.??.??"]
[Round "?"]
[White "O'Donnell, Robert"]
[Black "Finegold, Ben"]
[Result "1-0"]
[WhiteElo "2180"]
[BlackElo "2315"]
[PlyCount "75"]
[EventDate "1984.??.??"]

1. Nf3 Nf6 2. c4 c5 3. Nc3 b6 4. g3 Bb7 5. Bg2 e6 6. O-O Be7 7. d4 cxd4 8. Qxd4
O-O 9. b3 Nc6 10. Qf4 a6 11. Rd1 Qc8 12. Bb2 Rd8 13. Na4 Qb8 14. Nxb6 Qxf4 15.
gxf4 Ra7 16. Rac1 Kf8 17. Ne5 Nxe5 18. fxe5 Ng4 19. Nxd7+ Ke8 20. Bd4 Bxg2 21.
Bxa7 Bc6 22. h3 Nxf2 23. Bxf2 Bxd7 24. Rd3 Rb8 25. c5 Bc6 26. Be1 Bb5 27. Rg3
g6 28. c6 Rc8 29. c7 Bh4 30. Rgc3 Bg5 31. R1c2 Be7 32. a4 Bd7 33. Rf3 h6 34.
Ba5 h5 35. Rd3 Bg5 36. Rc4 Be7 37. Bb6 Bg5 38. Rcd4 1-0

[Event "Plymouth (MI Op/2/2)"]
[Site "?"]
[Date "1984.??.??"]
[Round "?"]
[White "O'Donnell, Robert"]
[Black "Everett, Morgan"]
[Result "1/2-1/2"]
[WhiteElo "2310"]
[BlackElo "2040"]
[PlyCount "60"]
[EventDate "1984.??.??"]

{2/(2)} 1. c4 e5 2. Nc3 Nc6 3. Nf3 Nf6 4. g3 Bb4 5. Bg2 O-O 6. O-O e4 7. Ng5
Bxc3 8. dxc3 Qe7 9. Nh3 d6 10. Nf4 Bf5 11. Nd5 Nxd5 12. cxd5 Ne5 13. Qd4 Nd7
14. Be3 a5 15. Rfd1 Rfe8 16. b4 h6 17. a3 Bg4 18. Kf1 f5 19. c4 b6 20. Qc3 Qf7
21. h3 Bh5 22. c5 axb4 23. axb4 bxc5 24. bxc5 Rxa1 25. Qxa1 Nxc5 26. Bxc5 dxc5
27. Qc1 Qe7 28. Qc4 Qd6 29. Rc1 Rb8 30. Kg1 Bf7 1/2-1/2

[Event "East Detroit (MCO/2/41)"]
[Site "?"]
[Date "1984.??.??"]
[Round "?"]
[White "Nowicki, B.."]
[Black "Safronoff, D.."]
[Result "1-0"]
[WhiteElo "1605"]
[BlackElo "1605"]
[PlyCount "37"]
[EventDate "1984.??.??"]

{2/(41)} 1. e4 e5 2. Nf3 d6 3. Nc3 Nf6 4. d3 Nc6 5. Bg5 h6 6. Bh4 Bg4 7. h3 Bh5
8. g4 Bg6 9. Nd5 Nxd5 10. Bxd8 Rxd8 11. exd5 Nb4 12. c4 b6 13. Qa4+ c6 14. Qxb4
h5 15. gxh5 Bxh5 16. Bg2 Rc8 17. O-O Be7 18. Rad1 a5 19. Qxb6 1-0

[Event "East Detroit (MCO/4/39)"]
[Site "?"]
[Date "1984.??.??"]
[Round "?"]
[White "Nowicki, B.."]
[Black "Choyke, J.."]
[Result "1-0"]
[WhiteElo "1605"]
[BlackElo "1605"]
[PlyCount "139"]
[EventDate "1984.??.??"]

{4/(39)} 1. e4 Nf6 2. Nc3 d5 3. e5 Nfd7 4. d4 e6 5. Nf3 c5 6. Bb5 Nc6 7. Bxc6
bxc6 8. O-O Qb6 9. Na4 Qa5 10. c3 Be7 11. Bd2 Ba6 12. Re1 O-O 13. dxc5 Nxc5 14.
Nxc5 Qxc5 15. b4 Qb6 16. a4 Qc7 17. Qc2 Bc4 18. a5 Rfb8 19. Rab1 c5 20. Qa4 a6
21. Rb2 Rb7 22. Rc1 Rab8 23. Qa3 cxb4 24. cxb4 Rb5 25. Nd4 R5b7 26. f4 Qd7 27.
h3 g6 28. Kh2 h5 29. g3 Kg7 30. h4 Bb5 31. Qc3 Bc4 32. Qa3 f6 33. Rcb1 fxe5 34.
fxe5 Bb5 35. Qe3 Bc4 36. Qh6+ Kf7 37. Qh7+ Ke8 38. Qg8+ Bf8 39. Qxg6+ Qf7 40.
Qxe6+ Qxe6 41. Nxe6 Ke7 42. Nd4 Ra8 43. Bf4 Bg7 44. Nf5+ Kf8 45. Nxg7 Kxg7 46.
Rc1 Re8 47. Bg5 Re6 48. Bf6+ Kg6 49. Rg1 Rd7 50. g4 Bb5 51. gxh5+ Kxh5 52. Rbg2
Bd3 53. Rg8 Be4 54. Rh8+ Rh7 55. Rd8 Rf7 56. Rg5+ Kh6 57. Rh8+ Bh7 58. Kg3
Rexf6 59. exf6 Rxf6 60. Rxd5 Rg6+ 61. Rg5 Rxg5+ 62. hxg5+ Kg7 63. Rxh7+ Kxh7
64. Kf4 Kg6 65. Kg4 Kg7 66. Kf5 Kf7 67. g6+ Kg7 68. Kg5 Kg8 69. Kf6 Kf8 70. Ke6
1-0

[Event "Plymouth (MI Op/5/1)"]
[Site "?"]
[Date "1984.??.??"]
[Round "?"]
[White "Noren, Kevin"]
[Black "Wygrecki, J.."]
[Result "1-0"]
[WhiteElo "2210"]
[BlackElo "2135"]
[PlyCount "75"]
[EventDate "1984.??.??"]

{5/(1)} 1. d4 Nf6 2. c4 g6 3. Nc3 Bg7 4. Nf3 O-O 5. Bg5 d6 6. e3 Nbd7 7. Be2 h6
8. Bh4 e5 9. Qc2 c6 10. dxe5 dxe5 11. O-O Qe8 12. Rad1 Nc5 13. Bxf6 Bxf6 14. b4
Ne6 15. Ne4 Bg7 16. c5 f5 17. Nd6 Qe7 18. Bc4 Kh7 19. Nd2 b5 20. Bb3 Bd7 21.
Nb1 f4 22. Nd2 a5 23. a3 axb4 24. axb4 Ng5 25. exf4 Rxf4 26. N2e4 Ne6 27. Bxe6
Bxe6 28. Ra1 Raf8 29. Ra3 Bd5 30. Rg3 Qe6 31. Ra1 Bxe4 32. Nxe4 Qd5 33. Re1 Ra8
34. h4 Ra2 35. Qb1 Kh8 36. Nc3 Qd4 37. Qxa2 Qxc3 38. Rxc3 1-0

[Event "Plymouth (MI Op/3/2)"]
[Site "?"]
[Date "1984.??.??"]
[Round "?"]
[White "Noren, Kevin"]
[Black "Pierce, Kevin"]
[Result "1-0"]
[WhiteElo "2210"]
[BlackElo "1955"]
[PlyCount "31"]
[EventDate "1984.??.??"]

{3/(2)} 1. d4 Nf6 2. c4 c5 3. d5 g6 4. Nc3 Bg7 5. e4 d6 6. f4 O-O 7. Nf3 e6 8.
Be2 exd5 9. cxd5 Re8 10. Nd2 Bd7 11. a4 Qa5 12. O-O Na6 13. Nc4 Qc7 14. e5 dxe5
15. fxe5 Rxe5 16. d6 1-0

[Event "Plymouth (MI Op/7/2)"]
[Site "?"]
[Date "1984.??.??"]
[Round "?"]
[White "Noren, Kevin"]
[Black "Mazuchowski, Tom"]
[Result "1/2-1/2"]
[WhiteElo "2210"]
[BlackElo "2115"]
[PlyCount "95"]
[EventDate "1984.??.??"]

{7/(2)} 1. d4 Nf6 2. c4 d6 3. Nc3 Bf5 4. f3 e5 5. e4 exd4 6. Qxd4 Nc6 7. Qd2
Bd7 8. b3 Be7 9. Bb2 O-O 10. Nge2 Re8 11. Ng3 Bf8 12. Be2 a6 13. O-O Ne5 14. h3
c6 15. f4 Ng6 16. Kh2 Qc7 17. Rad1 Rad8 18. Qc1 Bc8 19. Bd3 Qe7 20. a4 d5 21.
cxd5 Ng4+ 22. Kh1 Qh4 23. Nce2 cxd5 24. e5 Nh6 25. Kg1 Bd7 26. Bd4 Rc8 27. Qd2
Ne7 28. f5 Nc6 29. Rf4 Qd8 30. f6 Nxd4 31. Nxd4 Rxe5 32. Kh1 g6 33. Nf3 Re6 34.
Rh4 Qxf6 35. Rxh6 Bxh6 36. Qxh6 Qg7 37. Qh4 Ree8 38. Ne2 h6 39. Ned4 Be6 40.
Qf4 Kh7 41. h4 Kg8 42. a5 Bd7 43. Qd6 Be6 44. Qf4 Bd7 45. Rc1 Rxc1+ 46. Qxc1
Bg4 47. Qf4 Bxf3 48. gxf3 1/2-1/2

[Event "East Detroit (MCO/4/12)"]
[Site "?"]
[Date "1984.??.??"]
[Round "?"]
[White "Noren, Kevin"]
[Black "Jimenez, B.."]
[Result "1-0"]
[WhiteElo "2225"]
[BlackElo "1775"]
[PlyCount "65"]
[EventDate "1984.??.??"]

{4/(12)} 1. d4 d5 2. c4 e6 3. Nc3 Nf6 4. Bg5 Nbd7 5. cxd5 exd5 6. e3 Be7 7. Nf3
O-O 8. Bd3 Re8 9. O-O c6 10. Qc2 Nf8 11. Rae1 Be6 12. a3 Rc8 13. b4 N6d7 14.
Bf4 b6 15. Ba6 Nf6 16. Bxc8 Bxc8 17. Ne5 Bb7 18. Qb3 Ne6 19. Bg3 Nd7 20. f3
Nxe5 21. Bxe5 Bf6 22. Bxf6 gxf6 23. Qc2 Ba6 24. Ne2 c5 25. bxc5 bxc5 26. Qd2
cxd4 27. exd4 Ng5 28. h4 Ne6 29. Kf2 Kh8 30. Rh1 Qd6 31. Qh6 Ng7 32. Ng3 Rc8
33. Qxg7+ 1-0